Perception of Corporate Social Responsibility in Companies of Eastern Slovakia Region in 2009 and 2010

Vnímanie spoločenskej zodpovednosti v spoločnostiach Východoslovenského regiónu v rokoch 2009 a 2010.

Gespeichert in:
Bibliographische Detailangaben
1. Verfasser: Ubrežiová, Iveta
Weitere Verfasser: Stankovič, Lýdia, Mihalčová, Bohuslava, 1963-, Ubrežiová, Andrea
Format: Buchkapitel
Sprache:Englisch
Schlagworte:
Tags: Tag hinzufügen
Keine Tags, Fügen Sie das erste Tag hinzu!

MARC

LEADER 00000nla a2200000 4500
001 0183166
005 20240502083430.5
041 0 |a eng 
044 |a CZ 
245 1 0 |a Perception of Corporate Social Responsibility in Companies of Eastern Slovakia Region in 2009 and 2010  |c Iveta Ubrežiová, Lýdia Stankovič, Bohuslava Mihalčová, Andrea Ubrežiová 
520 |a Vnímanie spoločenskej zodpovednosti v spoločnostiach Východoslovenského regiónu v rokoch 2009 a 2010. 
610 2 0 |a podnikanie zodpovedné 
610 2 0 |a zodpovednosť spoločenská 
610 2 0 |a zodpovednosť podniku spoločenská 
610 2 0 |a imidž 
610 2 0 |a Slovensko 
100 1 |a Ubrežiová, Iveta 
700 1 |a Stankovič, Lýdia 
700 1 |a Mihalčová, Bohuslava, 1963- 
700 1 |a Ubrežiová, Andrea